[Event "19th EUR-ch"]
[Site "Batumi GEO"]
[Date "2018.03.27"]
[Round "10.48"]
[White "Zhigalko, Sergei"]
[Black "Kelires, Andreas"]
[Result "1-0"]
[WhiteElo "2625"]
[BlackElo "2523"]
[EventDate "2018.03.17"]
[PlyCount "133"]

1.e4 e5 2.Nf3 Nc6 3.Bb5 a6 4.Ba4 Nf6 5.O-O Be7 6.Re1 b5 7.Bb3 d6 8.c3 O-O 
9.h3 Nb8 10.d4 Nbd7 11.Nbd2 Bb7 12.Bc2 Re8 13.Nf1 Bf8 14.Ng3 g6 15.a4 c5 
16.d5 c4 17.Bg5 Nc5 18.Qd2 Be7 19.Be3 Nfd7 20.Rf1 Bf6 21.Nh2 h5 22.axb5 
axb5 23.Ne2 Bg7 24.Nf3 Qe7 25.Bg5 Bf6 26.Be3 Reb8 27.Rfb1 Bc8 28.Nc1 Nb6 
29.Na2 Bd7 30.Nb4 Rc8 31.Rf1 Rxa1 32.Rxa1 Nba4 33.Rb1 Qd8 34.Ng5 Qc7 35.f4
exf4 36.Bxf4 Bg7 37.Qf2 f6 38.Nf3 Re8 39.Nd2 g5 40.Be3 h4 41.Bd4 Bc8 42.
Nc6 Qf7 43.Rf1 Nd3 44.Bxd3 cxd3 45.b3 Nc5 46.Bxc5 dxc5 47.Qxc5 g4 48.d6 
Bf8 49.hxg4 Qe6 50.Qh5 Bd7 51.Qg6+ Bg7 52.Ne7+ Rxe7 53.dxe7 Qxe7 54.e5 
Qxe5 55.Qxd3 Bxg4 56.Ne4 Be6 57.Qd8+ Kf7 58.Nd6+ Kg6 59.Qe8+ Kh7 60.Nf5 
Qc5+ 61.Kh1 Bxf5 62.Qh5+ Kg8 63.Qxf5 Qxc3 64.Qxb5 Qe3 65.Qc4+ Kf8 66.b4 h3
67.Qc8+ 1-0

[Event "19th EUR-ch"]
[Site "Batumi GEO"]
[Date "2018.03.27"]
[Round "10.49"]
[White "Vocaturo, Daniele"]
[Black "Kriebel, Tadeas"]
[Result "1-0"]
[WhiteElo "2620"]
[BlackElo "2520"]
[EventDate "2018.03.17"]
[PlyCount "65"]

1.e4 c5 2.Nf3 d6 3.d4 cxd4 4.Nxd4 Nf6 5.Nc3 Bd7 6.Bg5 e6 7.Ndb5 Bc6 8.Bxf6
gxf6 9.Qh5 a6 10.Nd4 Bd7 11.O-O-O b5 12.f4 b4 13.Nce2 Qb6 14.e5 dxe5 15.
fxe5 Qa5 16.Kb1 Qxe5 17.Qf3 Ra7 18.g4 h5 19.gxh5 Qxh5 20.Qxf6 Rg8 21.Qf2 
Bc5 22.Bg2 e5 23.Ng3 Qh8 24.Qe2 Bxd4 25.Rxd4 Bb5 26.Qe3 Rd7 27.Rxb4 Rd8 
28.a4 Bd7 29.Rd1 Rg6 30.Qa7 Nc6 31.Bxc6 Rxc6 32.Rxd7 Rxd7 33.Qa8+ 1-0

[Event "19th EUR-ch"]
[Site "Batumi GEO"]
[Date "2018.03.27"]
[Round "10.51"]
[White "Kantor, Gergely"]
[Black "Alekseenko, Kirill"]
[Result "0-1"]
[WhiteElo "2527"]
[BlackElo "2609"]
[EventDate "2018.03.17"]
[PlyCount "84"]

1.d4 Nf6 2.c4 e6 3.Nf3 b6 4.g3 Ba6 5.Qa4 Bb7 6.Bg2 c5 7.dxc5 bxc5 8.O-O 
Be7 9.Nc3 O-O 10.Rd1 a6 11.Bf4 Bc6 12.Qc2 d6 13.Ng5 Bxg2 14.Kxg2 Ra7 15.
Be5 g6 16.Nge4 Ne8 17.Bf4 Rd7 18.h4 Ng7 19.Qa4 Qc7 20.Bg5 f6 21.Bh6 Rfd8 
22.Bxg7 Kxg7 23.Kg1 Qb7 24.Qb3 Qa8 25.Qc2 Nc6 26.b3 Ne5 27.Nd2 f5 28.Nf1 
Bf6 29.Ne3 h6 30.Ng2 g5 31.h5 Rf8 32.f4 Ng4 33.e3 Qe8 34.fxg5 hxg5 35.h6+ 
Kh8 36.Rd3 Qh5 37.Ne1 f4 38.exf4 gxf4 39.Nf3 fxg3 40.Kg2 Nf2 41.Kxg3 Be5+ 
42.Kxf2 Qh2+ 0-1

[Event "19th EUR-ch"]
[Site "Batumi GEO"]
[Date "2018.03.27"]
[Round "10.52"]
[White "Andersen, Mads"]
[Black "Matinian, Nikita"]
[Result "1-0"]
[WhiteElo "2605"]
[BlackElo "2514"]
[EventDate "2018.03.17"]
[PlyCount "90"]

1.Nf3 g6 2.e4 Bg7 3.d4 d6 4.c4 Bg4 5.Be2 Bxf3 6.Bxf3 e5 7.d5 Nd7 8.Nc3 h5 
9.b4 f5 10.a4 Ngf6 11.a5 Bh6 12.Bb2 a6 13.exf5 gxf5 14.Bxh5+ Ke7 15.Be2 
Qg8 16.g3 e4 17.c5 Ne5 18.Qd4 Qg6 19.Nd1 f4 20.gxf4 Bxf4 21.Ne3 Bxe3 22.
Qxe3 Nxd5 23.Qd2 Rxh2 24.O-O-O Rxh1 25.Rxh1 Nf6 26.Qf4 Ned7 27.Rd1 Rc8 28.
Bc4 d5 29.Bxd5 Nxd5 30.Rxd5 Rg8 31.Qxc7 Qg1+ 32.Rd1 Qg5+ 33.Kb1 Qf5 34.Ka1
Rg2 35.Qxb7 Rxf2 36.Rxd7+ Qxd7 37.c6 Qxb7 38.cxb7 Rf8 39.Be5 Ke6 40.b8=Q 
Rxb8 41.Bxb8 Kd5 42.Kb2 Kc4 43.Ka3 e3 44.Bg3 e2 45.Be1 Kd5 1-0

[Event "19th EUR-ch"]
[Site "Batumi GEO"]
[Date "2018.03.27"]
[Round "10.53"]
[White "Harutyunian, Tigran K."]
[Black "Martinovic, Sasa"]
[Result "1-0"]
[WhiteElo "2501"]
[BlackElo "2604"]
[EventDate "2018.03.17"]
[PlyCount "47"]

1.c4 Nf6 2.Nf3 g6 3.g3 Bg7 4.Bg2 O-O 5.Nc3 d6 6.d4 Nc6 7.O-O e5 8.dxe5 
Nxe5 9.Nxe5 dxe5 10.Bg5 Qxd1 11.Rfxd1 c6 12.h3 Be6 13.b3 Rfe8 14.Rd2 h6 
15.Be3 Bf8 16.Na4 g5 17.Nc5 Bc8 18.Rad1 Kg7 19.Rd8 Rxd8 20.Rxd8 Be7 21.Rd1
Ne8 22.Nxb7 a5 23.Nc5 Rb8 24.Nd7 1-0

[Event "19th EUR-ch"]
[Site "Batumi GEO"]
[Date "2018.03.27"]
[Round "10.54"]
[White "Can, Emre"]
[Black "Maghalashvili, Davit"]
[Result "1-0"]
[WhiteElo "2603"]
[BlackElo "2508"]
[EventDate "2018.03.17"]
[PlyCount "96"]

1.e4 e6 2.d4 d5 3.Nd2 dxe4 4.Nxe4 Nd7 5.Bd3 Ngf6 6.Qe2 c5 7.Nf3 Be7 8.O-O 
cxd4 9.Rd1 O-O 10.Nxd4 Ne5 11.Nxf6+ Bxf6 12.Be4 Qc7 13.Bf4 Qc5 14.c3 Ng6 
15.Be3 Qe5 16.Qc2 a6 17.Nf3 Qc7 18.Qb3 Bd8 19.a4 Qa5 20.Qa3 Be7 21.Qb3 Bc5
22.Bxc5 Qxc5 23.Rd4 Rb8 24.Rc4 Qa5 25.Rb4 b5 26.Nd4 Bb7 27.Bxb7 Rxb7 28.
Nc6 Qc7 29.axb5 axb5 30.Nd4 Rfb8 31.Rxb5 Rxb5 32.Nxb5 Qf4 33.c4 Ne5 34.Nd6
Nd7 35.Qg3 Qd4 36.h3 h5 37.Ra6 Qxb2 38.Ra7 Qc1+ 39.Kh2 Rb1 40.Qd3 Qf4+ 41.
Qg3 Qc1 42.Qf3 Nf6 43.Ra8+ Kh7 44.Nxf7 Qe1 45.Qf4 Qg1+ 46.Kg3 Rb3+ 47.f3 
Qe1+ 48.Kh2 Re3 1-0

[Event "19th EUR-ch"]
[Site "Batumi GEO"]
[Date "2018.03.27"]
[Round "10.55"]
[White "Zanan, Evgeny"]
[Black "Kovchan, Alexander"]
[Result "1/2-1/2"]
[WhiteElo "2493"]
[BlackElo "2596"]
[EventDate "2018.03.17"]
[PlyCount "72"]

1.d4 Nf6 2.c4 e6 3.g3 c5 4.Nf3 cxd4 5.Nxd4 d5 6.Bg2 e5 7.Nb3 d4 8.O-O Nc6 
9.f4 Be6 10.Na3 Bxa3 11.bxa3 Bxc4 12.fxe5 Ng4 13.Bxc6+ bxc6 14.Qxd4 Qxd4+ 
15.Nxd4 Nxe5 16.Bf4 Ng6 17.Rac1 Bxa2 18.Rc2 Bd5 19.e4 Bxe4 20.Re1 f5 21.
Nxf5 O-O 22.Rxe4 Rxf5 23.Rxc6 Nxf4 24.Rxf4 Rxf4 25.gxf4 Rf8 26.Rc7 Rxf4 
27.Rxa7 h6 28.Kg2 Kh7 29.Kg3 Rc4 30.Ra6 h5 31.h4 g6 32.Ra7+ Kh6 33.a4 Rc3+
34.Kg2 Rc2+ 35.Kg3 Rc3+ 36.Kg2 Rc2+ 1/2-1/2

[Event "19th EUR-ch"]
[Site "Batumi GEO"]
[Date "2018.03.27"]
[Round "10.56"]
[White "Pantsulaia, Levan"]
[Black "Godena, Michele"]
[Result "1-0"]
[WhiteElo "2593"]
[BlackElo "2505"]
[EventDate "2018.03.17"]
[PlyCount "55"]

1.Nf3 d5 2.c4 dxc4 3.Qa4+ Nd7 4.Qxc4 a6 5.d4 Ngf6 6.Bf4 c6 7.Nbd2 e6 8.Rd1
c5 9.dxc5 Bxc5 10.Nb3 Be7 11.Bc7 Bb4+ 12.Nfd2 Qe7 13.a3 Bd6 14.Bxd6 Qxd6 
15.Ne4 Qb6 16.Nd6+ Ke7 17.Qc3 Rd8 18.Nc4 Qb5 19.e3 Kf8 20.Be2 Qc6 21.O-O 
Rb8 22.Rd6 Qc7 23.Bf3 b5 24.Rc6 Qa7 25.Nd6 Bb7 26.Rc7 Nd5 27.Bxd5 exd5 28.
Na5 1-0

[Event "19th EUR-ch"]
[Site "Batumi GEO"]
[Date "2018.03.27"]
[Round "10.57"]
[White "Neverov, Valeriy"]
[Black "Brkic, Ante"]
[Result "0-1"]
[WhiteElo "2480"]
[BlackElo "2590"]
[EventDate "2018.03.17"]
[PlyCount "100"]

1.d4 Nf6 2.c4 e6 3.Nc3 Bb4 4.e3 O-O 5.Ne2 Re8 6.a3 Bf8 7.d5 d6 8.Ng3 c6 9.
Be2 exd5 10.cxd5 cxd5 11.Nh5 Nxh5 12.Bxh5 Nc6 13.Nxd5 g6 14.Be2 Bg7 15.O-O
Be6 16.Nf4 d5 17.Nxe6 Rxe6 18.Ra2 d4 19.b4 dxe3 20.Bxe3 Rd6 21.Rd2 Rxd2 
22.Qxd2 Qxd2 23.Bxd2 Nd4 24.Bd3 Rd8 25.Be3 b6 26.Rc1 Ne6 27.Be2 Bb2 28.Rb1
Bd4 29.Bc1 Rc8 30.Bd1 Nc7 31.Bg4 f5 32.Bf3 Nb5 33.Bd2 Nxa3 34.Rd1 Nb5 35.
h4 Bf6 36.g3 Rd8 37.Kg2 Bc3 38.Bh6 Rxd1 39.Bxd1 Bxb4 40.Bb3+ Kh8 41.h5 Bc3
42.Bf4 gxh5 43.Bc4 Na3 44.Ba6 b5 45.Kf3 b4 46.Bd6 Nc2 47.Kf4 b3 48.Bd3 a5 
49.Kxf5 a4 50.Kg5 a3 0-1

[Event "19th EUR-ch"]
[Site "Batumi GEO"]
[Date "2018.03.27"]
[Round "10.58"]
[White "Hracek, Zbynek"]
[Black "Pavlov, Sergey"]
[Result "1/2-1/2"]
[WhiteElo "2589"]
[BlackElo "2485"]
[EventDate "2018.03.17"]
[PlyCount "73"]

1.d4 Nf6 2.c4 e6 3.Nc3 Bb4 4.Nf3 O-O 5.Bg5 c5 6.e3 h6 7.Bh4 cxd4 8.exd4 
Qa5 9.Bd3 Bxc3+ 10.bxc3 Qxc3+ 11.Kf1 Nh5 12.Rc1 Qa3 13.Qd2 d5 14.Qe3 Kh8 
15.cxd5 Nf4 16.Qxf4 Qxd3+ 17.Kg1 Qf5 18.Qxf5 exf5 19.Be7 Re8 20.h3 Nd7 21.
d6 Nb6 22.Kh2 Be6 23.Rc7 Rab8 24.Re1 Nd5 25.Rc5 b6 26.Rxd5 Bxd5 27.d7 Rg8 
28.Ne5 f6 29.Ng6+ Kh7 30.Nf8+ Rgxf8 31.Bxf8 Bc6 32.Be7 Bxd7 33.Bxf6 Bc6 
34.Be5 Rb7 35.Rc1 Bd5 36.a3 a5 37.a4 1/2-1/2

[Event "19th EUR-ch"]
[Site "Batumi GEO"]
[Date "2018.03.27"]
[Round "10.59"]
[White "Minasian, Artashes"]
[Black "Ivanisevic, Ivan"]
[Result "1-0"]
[WhiteElo "2467"]
[BlackElo "2587"]
[EventDate "2018.03.17"]
[PlyCount "81"]

1.e4 e5 2.Nf3 Nc6 3.Bc4 Nf6 4.d3 Be7 5.c3 O-O 6.Nbd2 d5 7.exd5 Nxd5 8.O-O 
Bg4 9.h3 Bh5 10.Ne4 Kh8 11.Ng3 Bg6 12.Re1 f5 13.Bb5 f4 14.Ne4 Bh5 15.Bxc6 
bxc6 16.b3 a5 17.Bb2 a4 18.bxa4 Ra6 19.a3 Rb6 20.Ra2 Nf6 21.c4 Nd7 22.a5 
Ra6 23.Bc3 c5 24.Rb2 Rg6 25.Kf1 Qc8 26.Qe2 Nf6 27.Ned2 e4 28.dxe4 Ng4 29.
hxg4 Qxg4 30.Reb1 Qxg2+ 31.Ke1 Qh1+ 32.Qf1 Bxf3 33.Qxh1 Bxh1 34.Ke2 Bg2 
35.Rb8 f3+ 36.Kd3 Kg8 37.Rxf8+ Kxf8 38.Be5 Bf6 39.Bxc7 Bd4 40.Rb6 Bh3 41.
Bd6+ 1-0

[Event "19th EUR-ch"]
[Site "Batumi GEO"]
[Date "2018.03.27"]
[Round "10.60"]
[White "Asadli, Vugar"]
[Black "Paichadze, Luka"]
[Result "1-0"]
[WhiteElo "2449"]
[BlackElo "2581"]
[EventDate "2018.03.17"]
[PlyCount "89"]

1.e4 c6 2.d4 d5 3.Nd2 dxe4 4.Nxe4 Bf5 5.Ng3 Bg6 6.h4 h6 7.Nf3 e6 8.Ne5 Bh7
9.Bd3 Bxd3 10.Qxd3 Nf6 11.Bf4 Bb4+ 12.c3 Be7 13.O-O-O O-O 14.c4 b5 15.Kb1 
bxc4 16.Qxc4 Qb6 17.Rc1 Rc8 18.Rh3 Ba3 19.Qe2 Bf8 20.Nh5 Nbd7 21.Rb3 Qa5 
22.Rb7 Qd5 23.Nxd7 Nxh5 24.Be5 c5 25.Qf3 Qxf3 26.gxf3 cxd4 27.Rxc8 Rxc8 
28.Bxd4 a6 29.Rb8 Rxb8 30.Nxb8 a5 31.Nc6 a4 32.b4 axb3 33.a4 Nf4 34.a5 Nd5
35.a6 Nc7 36.a7 Bd6 37.Kb2 h5 38.Kxb3 f6 39.Kc4 Kf7 40.Bc5 Bxc5 41.Kxc5 g5
42.hxg5 h4 43.Nd4 Na8 44.Kc6 e5 45.Ne2 1-0

[Event "19th EUR-ch"]
[Site "Batumi GEO"]
[Date "2018.03.27"]
[Round "10.61"]
[White "Perunovic, Miodrag"]
[Black "Petrosian, Manuel"]
[Result "1-0"]
[WhiteElo "2429"]
[BlackElo "2569"]
[EventDate "2018.03.17"]
[PlyCount "75"]

1.d4 Nf6 2.c4 e6 3.Nf3 b6 4.g3 Ba6 5.Qc2 Bb7 6.Bg2 c5 7.d5 exd5 8.cxd5 
Nxd5 9.O-O Be7 10.Qe4 Qc7 11.Nh4 Bc6 12.Nf5 g6 13.Nc3 gxf5 14.Nxd5 fxe4 
15.Nxc7+ Kd8 16.Nxa8 Bxa8 17.Bf4 Na6 18.Rad1 Bf6 19.Rd6 Ke7 20.Rfd1 Rd8 
21.R1d2 c4 22.Rc2 Nc5 23.Rxc4 Ne6 24.Rd2 d5 25.Rc1 d4 26.Bh3 Bd5 27.b3 
Nxf4 28.gxf4 Rg8+ 29.Kf1 Kd6 30.Rdc2 d3 31.exd3 exd3 32.Rd2 Be4 33.Rc4 Re8
34.f3 Bd5 35.Rxd3 Rd8 36.Bf5 Ke7 37.Rc7+ Kf8 38.Rxa7 1-0

[Event "19th EUR-ch"]
[Site "Batumi GEO"]
[Date "2018.03.27"]
[Round "10.62"]
[White "Stocek, Jiri"]
[Black "Sadikhov, Ulvi"]
[Result "1-0"]
[WhiteElo "2567"]
[BlackElo "2477"]
[EventDate "2018.03.17"]
[PlyCount "81"]

1.d4 Nf6 2.c4 e6 3.Nf3 d5 4.g3 Be7 5.Bg2 O-O 6.O-O c6 7.Qc2 b6 8.Nbd2 Bb7 
9.e4 Na6 10.a3 Rc8 11.e5 Nd7 12.cxd5 exd5 13.Re1 c5 14.h4 cxd4 15.Qd1 Nac5
16.Nb3 Nxb3 17.Qxb3 Nc5 18.Qd1 Ne4 19.b4 d3 20.Qxd3 Rc3 21.Qd1 a5 22.Bb2 
Rc4 23.bxa5 bxa5 24.Bd4 Qd7 25.Bf1 Rfc8 26.Re3 Rc2 27.Re2 R2c4 28.Rb2 Bc6 
29.Qe1 Ra4 30.Qe3 Qf5 31.Rb3 h6 32.Rc1 Be8 33.Rxc8 Qxc8 34.Ba7 Kh7 35.Rb8 
Qc6 36.Bb5 Qxb5 37.Rxb5 Bxb5 38.Qb3 Bc6 39.Nd4 Rxa3 40.Qb1 Ba4 41.f3 1-0

[Event "19th EUR-ch"]
[Site "Batumi GEO"]
[Date "2018.03.27"]
[Round "10.63"]
[White "Skoberne, Jure"]
[Black "Lobanov, Sergei"]
[Result "0-1"]
[WhiteElo "2563"]
[BlackElo "2468"]
[EventDate "2018.03.17"]
[PlyCount "124"]

1.Nf3 Nf6 2.g3 d5 3.Bg2 c6 4.c4 dxc4 5.O-O Nbd7 6.Na3 Nb6 7.Qc2 Be6 8.Ng5 
Bg4 9.f3 Bh5 10.Nxc4 Qd4+ 11.Ne3 h6 12.Nh3 Bg6 13.Qb3 e5 14.Nf2 h5 15.h4 
Nfd5 16.Nc2 Qa4 17.Qxa4 Nxa4 18.e4 Nb4 19.Nxb4 Bxb4 20.b3 Nc5 21.Bb2 f6 
22.d4 exd4 23.Bxd4 Ne6 24.Be3 Bc5 25.Bxc5 Nxc5 26.Bh3 Ke7 27.Rac1 Ne6 28.
Bxe6 Kxe6 29.Nd3 Ke7 30.Kf2 a5 31.Rfd1 Rhd8 32.Ke3 Bf7 33.Nc5 Rxd1 34.Rxd1
b6 35.Na4 Rb8 36.f4 c5 37.Rc1 Kd6 38.Nc3 Kc6 39.Rd1 Re8 40.f5 b5 41.a4 b4 
42.Nb5 Bxb3 43.Rd6+ Kb7 44.Rd7+ Kb8 45.Nd6 Bxa4 46.Rb7+ Ka8 47.Rxg7 Rd8 
48.e5 fxe5 49.f6 Rxd6 50.f7 Rf6 51.Rg8+ Kb7 52.f8=Q Rxf8 53.Rxf8 Bd1 54.
Kd2 Bg4 55.Re8 a4 56.Rxe5 Kb6 57.Rg5 a3 58.Kc2 c4 59.Re5 b3+ 60.Kc3 b2 61.
Kc2 c3 62.Kb1 Bd1 0-1

[Event "19th EUR-ch"]
[Site "Batumi GEO"]
[Date "2018.03.27"]
[Round "10.64"]
[White "Tutisani, Noe"]
[Black "Chigaev, Maksim"]
[Result "1/2-1/2"]
[WhiteElo "2394"]
[BlackElo "2560"]
[EventDate "2018.03.17"]
[PlyCount "65"]

1.d4 Nf6 2.c4 g6 3.Nc3 Bg7 4.e4 d6 5.Be2 O-O 6.Be3 Na6 7.h3 c5 8.d5 e6 9.
Nf3 exd5 10.exd5 Re8 11.O-O Ne4 12.Nxe4 Rxe4 13.Rb1 Re8 14.a3 Bf5 15.Bd3 
Qd7 16.Bf4 Rad8 17.Qc2 b5 18.b3 Bxd3 19.Qxd3 b4 20.a4 h6 21.h4 Nc7 22.Rfe1
f5 23.g3 Rxe1+ 24.Rxe1 Re8 25.Kg2 Kh7 26.Re2 Rxe2 27.Qxe2 Ne8 28.Ne1 Nf6 
29.Nd3 Nh5 30.Bc1 Kg8 31.Nf4 Nxf4+ 32.Bxf4 Kf7 33.Qe3 1/2-1/2

[Event "19th EUR-ch"]
[Site "Batumi GEO"]
[Date "2018.03.27"]
[Round "10.66"]
[White "Nesterov, Arseniy"]
[Black "Moiseenko, Vadim"]
[Result "1/2-1/2"]
[WhiteElo "2388"]
[BlackElo "2552"]
[EventDate "2018.03.17"]
[PlyCount "152"]

1.d4 Nf6 2.c4 g6 3.Nc3 d5 4.Nf3 Bg7 5.h4 c6 6.cxd5 cxd5 7.Bf4 Nc6 8.e3 O-O
9.Be2 Bg4 10.O-O e6 11.Bh2 Rc8 12.Rc1 a6 13.Na4 Ne4 14.Nd2 Bxe2 15.Qxe2 
Nxd2 16.Qxd2 Qxh4 17.Nb6 Rcd8 18.Bc7 e5 19.Bxd8 Qxd8 20.Na4 exd4 21.exd4 
Nxd4 22.Nc3 Qh4 23.Rce1 Nf3+ 24.gxf3 Bh6 25.Re3 d4 26.Re4 Bxd2 27.Rxh4 
dxc3 28.bxc3 Bxc3 29.Rc4 Bf6 30.Rb1 Rb8 31.Rc6 Be5 32.Rcb6 Rc8 33.Rxb7 Rc2
34.Rd1 Rc6 35.Ra7 h5 36.Rdd7 Rf6 37.Kg2 Kg7 38.Ra8 Bc3 39.Rd3 Bb4 40.Rd4 
a5 41.Rdd8 Rf5 42.Rg8+ Kf6 43.Ra6+ Kg5 44.Rd8 Kh6 45.Rd3 Rg5+ 46.Kh2 Be1 
47.Ra7 Kg7 48.Rdd7 Rf5 49.Kg2 h4 50.Re7 Bb4 51.Re2 Rd5 52.Rc7 g5 53.Rc4 
Kg6 54.Kh3 Rd3 55.Kg2 f6 56.Rc6 Rd5 57.Ree6 Rf5 58.Re3 Bd2 59.Rd3 Bb4 60.
a3 Be7 61.Rc4 Rb5 62.Re4 Rb7 63.Ra4 Rb5 64.Rd7 Re5 65.Ra7 Bd8 66.f4 Rd5 
67.fxg5 fxg5 68.Rc4 Rd6 69.Rb7 Bb6 70.Rb8 Rf6 71.f3 Rd6 72.Kh3 Bd8 73.Kg4 
Bf6 74.f4 gxf4 75.Rxf4 Rd3 76.Rf3 Rd6 1/2-1/2

[Event "19th EUR-ch"]
[Site "Batumi GEO"]
[Date "2018.03.27"]
[Round "10.67"]
[White "Mgeladze, Tamaz"]
[Black "Santos Latasa, Jaime"]
[Result "0-1"]
[WhiteElo "2303"]
[BlackElo "2549"]
[EventDate "2018.03.17"]
[PlyCount "116"]

1.c4 b6 2.g3 Bb7 3.Nf3 c5 4.Bg2 g6 5.Nc3 Bg7 6.O-O Nf6 7.d3 O-O 8.a3 d5 9.
cxd5 Nxd5 10.Bd2 Qd7 11.Rb1 Na6 12.Nxd5 Bxd5 13.Bc3 Rfd8 14.Bxg7 Kxg7 15.
Qc2 Rac8 16.Rfc1 Qb7 17.b3 Nc7 18.b4 cxb4 19.Qb2+ f6 20.Qxb4 Na6 21.Qb5 
Rc5 22.Rxc5 Nxc5 23.Rc1 e5 24.Ne1 Bxg2 25.Nxg2 Ne6 26.Qc4 Qe7 27.a4 Rd7 
28.Qc8 Nc5 29.Ne3 Rc7 30.Qg4 Qd7 31.Qb4 Ne6 32.Rxc7 Qxc7 33.Nd5 Qc5 34.
Qxc5 Nxc5 35.Nc3 Kf7 36.f4 Ke6 37.Kf2 a6 38.Ke3 Nb3 39.fxe5 Kxe5 40.Na2 a5
41.Nc3 f5 42.h4 h6 43.Nb5 Kd5 44.g4 fxg4 45.Kf4 h5 46.e4+ Kc5 47.Ke3 g3 
48.d4+ Kc6 49.e5 Nd2 50.Nc3 g2 51.d5+ Kc5 52.Ne2 Nf1+ 53.Kf2 Kxd5 54.Kxg2 
Nd2 55.Nf4+ Kxe5 56.Nxg6+ Kf5 57.Ne7+ Kg4 58.Ng6 Nc4 0-1

[Event "19th EUR-ch"]
[Site "Batumi GEO"]
[Date "2018.03.27"]
[Round "10.68"]
[White "Palac, Mladen"]
[Black "Pijpers, Arthur"]
[Result "1-0"]
[WhiteElo "2546"]
[BlackElo "2453"]
[EventDate "2018.03.17"]
[PlyCount "69"]

1.d4 Nf6 2.c4 g6 3.Nc3 Bg7 4.e4 d6 5.h3 O-O 6.Be3 e5 7.d5 Na6 8.g4 Nc5 9.
f3 a5 10.Qd2 c6 11.Nge2 cxd5 12.cxd5 Nfd7 13.Ng3 Nb6 14.h4 f5 15.gxf5 gxf5
16.Nh5 f4 17.Bxc5 dxc5 18.Nxg7 Kxg7 19.Qf2 Nd7 20.Bb5 b6 21.O-O-O Nf6 22.
Bc6 Ra7 23.Qg2+ Kh8 24.Qg5 Qe7 25.Nb5 Rd7 26.Bxd7 Bxd7 27.d6 Qe6 28.Rhg1 
Rg8 29.Qh6 Rg3 30.Nc3 Qf7 31.Rxg3 fxg3 32.Qg5 Nh5 33.Qxe5+ Kg8 34.Nd5 Qxf3
35.Qxh5 1-0

[Event "19th EUR-ch"]
[Site "Batumi GEO"]
[Date "2018.03.27"]
[Round "10.69"]
[White "Kovalev, Vladislav"]
[Black "Rzayev, Bahruz"]
[Result "1/2-1/2"]
[WhiteElo "2650"]
[BlackElo "2390"]
[EventDate "2018.03.17"]
[PlyCount "69"]

1.e4 e5 2.Nf3 Nf6 3.d4 Nxe4 4.Bd3 d5 5.Nxe5 Bd6 6.O-O O-O 7.Nc3 Nxc3 8.
bxc3 Nd7 9.Nxd7 Qxd7 10.Qh5 f5 11.c4 c6 12.cxd5 cxd5 13.Qf3 Qf7 14.Bf4 
Bxf4 15.Qxf4 Bd7 16.Rfe1 Rae8 17.Qd6 g6 18.f4 Rxe1+ 19.Rxe1 Re8 20.Re5 Bc6
21.Qc5 Qf8 22.Qa5 Rxe5 23.dxe5 a6 24.Qc3 Qd8 25.Qc5 Qh4 26.Qf2 Qe7 27.h4 
h5 28.Kh2 Bd7 29.Kg3 Qb4 30.Kh2 Kf7 31.Qg3 Qe7 32.c3 Be6 33.Qf2 Qc7 34.Qb2
a5 35.a4 1/2-1/2

[Event "19th EUR-ch"]
[Site "Batumi GEO"]
[Date "2018.03.27"]
[Round "10.70"]
[White "Janik, Igor"]
[Black "Solak, Dragan"]
[Result "1/2-1/2"]
[WhiteElo "2422"]
[BlackElo "2629"]
[EventDate "2018.03.17"]
[PlyCount "22"]

1.e4 d6 2.d4 Nf6 3.Nc3 e5 4.Nge2 c6 5.h3 exd4 6.Nxd4 Be7 7.g4 O-O 8.Bg2 d5
9.exd5 Nxd5 10.Nxd5 cxd5 11.O-O Nc6 1/2-1/2

[Event "19th EUR-ch"]
[Site "Batumi GEO"]
[Date "2018.03.27"]
[Round "10.71"]
[White "Haria, Ravi"]
[Black "Oparin, Grigoriy"]
[Result "1-0"]
[WhiteElo "2424"]
[BlackElo "2622"]
[EventDate "2018.03.17"]
[PlyCount "115"]

1.Nf3 c5 2.c3 Nf6 3.d4 e6 4.e3 b6 5.Nbd2 Bb7 6.Bd3 d5 7.O-O Nc6 8.dxc5 
bxc5 9.e4 Be7 10.e5 Nd7 11.Re1 O-O 12.Nf1 a5 13.Ng3 Ba6 14.Bc2 Rb8 15.Nh5 
g6 16.Qd2 Re8 17.Qf4 f5 18.Qg3 Nf8 19.Rb1 Rb7 20.Bh6 Qb8 21.Nf4 Nd8 22.Ba4
Nf7 23.Bxf8 Bxf8 24.Bxe8 Qxe8 25.h4 Bh6 26.Ng5 Nxg5 27.hxg5 Bf8 28.b3 Rb6 
29.c4 d4 30.a3 Bb7 31.Nd3 Be4 32.Rb2 Qb8 33.Rd1 Be7 34.f3 Bc6 35.Rdb1 Rb7 
36.b4 cxb4 37.axb4 axb4 38.Qe1 b3 39.Qa5 Bxg5 40.Nc5 Be3+ 41.Kf1 Rf7 42.
Nxe6 Qe8 43.Nd8 Re7 44.Nxc6 Qxc6 45.Qb5 Qc7 46.Rxb3 Kg7 47.Qd5 Qa7 48.Qb7 
Kh6 49.Qxa7 Rxa7 50.Ke2 Kg5 51.e6 Kf4 52.Rb7 Ra2+ 53.R1b2 Ra3 54.g3+ Kxg3 
55.e7 f4 56.e8=Q d3+ 57.Kd1 Rc3 58.Rd2 1-0

[Event "19th EUR-ch"]
[Site "Batumi GEO"]
[Date "2018.03.27"]
[Round "10.72"]
[White "Drori, Saar"]
[Black "Ponkratov, Pavel"]
[Result "0-1"]
[WhiteElo "2420"]
[BlackElo "2613"]
[EventDate "2018.03.17"]
[PlyCount "72"]

1.e4 c5 2.Nf3 d6 3.d4 cxd4 4.Nxd4 Nf6 5.Nc3 a6 6.h3 b5 7.g4 Bb7 8.Bg2 g6 
9.O-O Nbd7 10.Re1 e5 11.Nde2 h5 12.Bg5 hxg4 13.hxg4 Be7 14.Ng3 Rc8 15.Bf3 
b4 16.Bxf6 Nxf6 17.Nd5 Nxd5 18.exd5 Bh4 19.Qd2 Bxg3 20.fxg3 Rc4 21.Re4 
Qb6+ 22.Kg2 Qc7 23.Rxc4 Qxc4 24.a3 b3 25.cxb3 Qxb3 26.Rc1 O-O 27.Rc3 Qa2 
28.Be4 Rb8 29.Kh3 Kg7 30.Rc7 Ba8 31.g5 Rxb2 32.Qa5 Rh2+ 33.Kg4 Rf2 34.Bf3 
Rc2 35.Ra7 Qc4+ 36.Kh3 Qf1+ 0-1

[Event "19th EUR-ch"]
[Site "Batumi GEO"]
[Date "2018.03.27"]
[Round "10.73"]
[White "Bosiocic, Marin"]
[Black "Korchmar, Vasiliy"]
[Result "1/2-1/2"]
[WhiteElo "2611"]
[BlackElo "2411"]
[EventDate "2018.03.17"]
[PlyCount "45"]

1.d4 Nf6 2.c4 e6 3.Nf3 d5 4.g3 dxc4 5.Bg2 c6 6.a4 c5 7.O-O Nc6 8.dxc5 Nd5 
9.Na3 Bxc5 10.Nxc4 O-O 11.Nfe5 Nxe5 12.Nxe5 b6 13.b3 Bb7 14.Bb2 Qe7 15.Nd3
Bd6 16.a5 bxa5 17.Rxa5 Nb4 18.Bxb7 Qxb7 19.Rh5 Rfd8 20.Rg5 Bf8 21.Qa1 Rd5 
22.Rxd5 Nxd5 23.Rb1 1/2-1/2

[Event "19th EUR-ch"]
[Site "Batumi GEO"]
[Date "2018.03.27"]
[Round "10.74"]
[White "Blohberger, Felix"]
[Black "Jojua, Davit"]
[Result "1/2-1/2"]
[WhiteElo "2409"]
[BlackElo "2601"]
[EventDate "2018.03.17"]
[PlyCount "60"]

1.e4 g6 2.d4 Bg7 3.Nf3 d6 4.Bc4 e6 5.Bb3 b6 6.O-O Bb7 7.Re1 Nd7 8.c3 Ne7 
9.Nbd2 O-O 10.Nf1 Rc8 11.Ng3 c5 12.Bf4 e5 13.Bg5 h6 14.Bxe7 Qxe7 15.dxe5 
dxe5 16.Bd5 Bxd5 17.Qxd5 Rfe8 18.Qc4 Nf6 19.a4 Qb7 20.Red1 a6 21.b3 b5 22.
axb5 axb5 23.Qe2 c4 24.b4 Ra8 25.Rxa8 Qxa8 26.h3 Qc6 27.Qe3 Qc7 28.Ra1 Qc6
29.Rd1 Qc7 30.Ra1 Qc6 1/2-1/2

[Event "19th EUR-ch"]
[Site "Batumi GEO"]
[Date "2018.03.27"]
[Round "10.75"]
[White "Soysal, Serkan"]
[Black "Wagner, Dennis"]
[Result "1/2-1/2"]
[WhiteElo "2406"]
[BlackElo "2566"]
[EventDate "2018.03.17"]
[PlyCount "69"]

1.d4 Nf6 2.c4 e6 3.Nf3 Bb4+ 4.Bd2 a5 5.g3 d6 6.Bg2 Nbd7 7.O-O e5 8.e3 c6 
9.a3 Bxd2 10.Nfxd2 O-O 11.Nc3 Re8 12.Nde4 Nxe4 13.Nxe4 Nf6 14.dxe5 Nxe4 
15.Bxe4 dxe5 16.Qc2 g6 17.Rfd1 Qe7 18.c5 Bg4 19.f3 Bh3 20.Qc3 Red8 21.Kf2 
h5 22.Bc2 Qc7 23.Rxd8+ Rxd8 24.Rd1 Rxd1 25.Bxd1 Be6 26.Bc2 Kf8 27.h4 Ke7 
28.f4 exf4 29.gxf4 Qd8 30.e4 Qc7 31.Ke3 b5 32.Qd4 Qd7 33.Qe5 f6 34.Qb8 Qd8
35.Qxd8+ 1/2-1/2

[Event "19th EUR-ch"]
[Site "Batumi GEO"]
[Date "2018.03.27"]
[Round "10.76"]
[White "Schekachikhin, Maksim"]
[Black "Moroni, Luca jr"]
[Result "0-1"]
[WhiteElo "2406"]
[BlackElo "2559"]
[EventDate "2018.03.17"]
[PlyCount "80"]

1.d4 e6 2.c4 b6 3.Nc3 Bb7 4.a3 f5 5.d5 Nf6 6.g3 Bd6 7.Bg2 O-O 8.Nh3 Be5 9.
Bd2 Na6 10.O-O Nc5 11.Nf4 Qe7 12.Qc2 Rae8 13.Rfe1 Nfe4 14.Nxe4 Nxe4 15.Bb4
Bd6 16.Bxd6 Qxd6 17.Red1 e5 18.Nd3 Qe7 19.Rac1 d6 20.Nb4 Nc5 21.Na2 g6 22.
Nc3 a6 23.b4 Nd7 24.Na4 Nf6 25.c5 b5 26.Nc3 h5 27.a4 bxa4 28.b5 h4 29.bxa6
Bxa6 30.Qxa4 hxg3 31.hxg3 Ra8 32.cxd6 cxd6 33.Nb5 Qh7 34.Rc6 Bxb5 35.Qxb5 
Ng4 36.Rxd6 f4 37.Qb1 Qh2+ 38.Kf1 Ne3+ 39.Ke1 Qg1+ 40.Kd2 Ra2+ 0-1

[Event "19th EUR-ch"]
[Site "Batumi GEO"]
[Date "2018.03.27"]
[Round "10.77"]
[White "Ter-Sahakian, Samvel"]
[Black "Tate, Alan"]
[Result "1-0"]
[WhiteElo "2553"]
[BlackElo "2399"]
[EventDate "2018.03.17"]
[PlyCount "75"]

1.e4 e5 2.Nf3 Nc6 3.Bc4 Bc5 4.c3 Nf6 5.d3 a6 6.a4 Ba7 7.O-O d6 8.Be3 O-O 
9.Nbd2 Ne7 10.a5 Ng6 11.Bxa7 Rxa7 12.Re1 h6 13.b4 Ra8 14.Bb3 Re8 15.d4 
exd4 16.cxd4 d5 17.e5 Nh7 18.Bc2 Nf4 19.Ra3 Qe7 20.Qb1 Nf8 21.g3 Nh3+ 22.
Kg2 Qe6 23.Ng1 Ng6 24.Nxh3 Qxh3+ 25.Kg1 Ne7 26.Rf3 Nc6 27.Rf4 Qe6 28.Nf3 
Qe7 29.Ba4 Qe6 30.Re3 Bd7 31.Bc2 Qe7 32.Rb3 Nd8 33.Nh4 c6 34.Rbf3 Be6 35.
Qb3 g5 36.Qd3 f5 37.Nxf5 Qh7 38.Ne7+ 1-0